000 00612nam a2200265Ia 4500
008 160525s9999||||xx |||||||||||||| ||und||
040 _cEnglish
082 _aXV.G/Secret
082 _bBORI-75803
100 _aPeter Howard
245 _aFrank Buchmans Secret
300 _a7+160
300 _cA
300 _ePaperback
530 _bTalavalkar
530 _u00075803.pdf
563 _aStudy
600 _aPeter Howard
630 _aFrank Buchmans Secret
650 _aBiography
650 _aReference
700 _aPeter Howard
730 _aFrank Buchmans Secret
942 _cBOOK
999 _c1383231
_d1383228